Ôsmy ročník konferencie "Kvalita vo zváraní 2008" po novom - v kongresovom centre Academia v Starej Lesnej

Bibliographic Details
Main Author: Jajcay, Alojz, 1939- (Author)
Format: Article
Language:Slovak
PhysicalDescription:Obr.
ISSN:0044-5525
Subjects:

MARC

LEADER 00000nab a2200000 a 4500
001 vtls010257134
003 SK-MaSNL
005 20260304155914.0
008 25050723c2008 xo o |||||||||||||||slol
015 |a SNBRB2008/09 
035 |a SVKKK000091300 
035 |a urn:nbn:sk:snk-ab6pff 
035 |a (uuid)6dc0b519-a125-43e2-916e-e0e76bc985b2 
035 |a (urnnbn)urn:nbn:sk:snk:ar-005qb9 
035 |a (sysno)vtls010257134 
038 |a SVKKK 
040 |a SNKBUCL  |b slo  |c SNKBUCL  |e AACR2 
041 0 |a slo 
044 |a xo  |c SK 
080 |a 621.791:061.3  |x (437.6)  |2 1997 
080 |a 061.3  |x (437.6)  |2 1997 
100 1 |a Jajcay, Alojz,  |d 1939-  |4 aut  |9 222089 
245 1 0 |a Ôsmy ročník konferencie "Kvalita vo zváraní 2008" po novom - v kongresovom centre Academia v Starej Lesnej  |c Alojz Jajcay 
300 |b Obr. 
611 2 7 |a Kvalita vo zváraní 2008  |n (8. :  |d 2008 :  |c Stará Lesná, Slovensko)  |2 snkbucl  |9 1482151 
648 7 |a 2008  |2 snkbucl  |9 317238 
650 0 7 |a konferencie  |2 snkbucl  |9 19221 
650 0 7 |a zváranie  |2 snkbucl  |9 1839 
773 0 |t Zváranie = Svařování  |g Roč. 57, č. 5 (2008), s. 155-157  |x 0044-5525 
850 |a Slovenská národná knižnica 
852 |a Slovenská národná knižnica 
954 |a odborná, vedecká literatúra pôvodná (slovenská)  |2 lita 
958 |a article 
958 |a OND 
958 |a EUIPO 
999 |c 2964608  |d 2966538